| LEADER |
01159nam0a2200217 450 |
| 001 |
16821855 |
| 010 |
|
|
|a 978-2-7459-5981-2
|b br.
|d 4,99
|
| 100 |
|
|
|a 20131119d2026 u u0frey01 ba
|
| 101 |
0 |
|
|a fre
|
| 102 |
|
|
|a FR
|
| 200 |
0 |
|
|a roi des bêtises (Le)
|f Agnès de Lestrade
|g illustrations d'Eric Gasté
|
| 207 |
|
1 |
|a
|
| 210 |
|
|
|a Toulouse
|c éd. Milan
|d DL 2013
|
| 215 |
|
|
|a 1 vol. (23 p.)
|c ill. en coul., couv. ill. en coul.
|d 18 cm
|
| 225 |
1 |
|
|v 111
|
| 330 |
|
|
|a C'est l'histoire d'un roi malheureux. Bouuuuh ! Quand il voit tout le monde heureux autour de lui, il décide d'aller voir de plus près. Mais il enchaîne maladresse sur bêtise. Et lorsque, désespéré, il raconte tout cela à son bouffon... celui ci trouve ces anecdotes si drôles qu'il éclate de rire. Ce roi est décidément le roi des conteurs ! C'est l'histoire d'un roi qui fait rire tout le monde. Ha, ha, ha ! Et qui est heureux !
|
| 700 |
|
0 |
|a Lestrade
|b Agnès de
|f 1964-....
|4 70
|
| 702 |
|
0 |
|a Gasté
|b Eric
|f 1969-....
|4 440
|
| 900 |
|
|
|a Roman enfant
|
| 901 |
|
|
|a Accessible au prêt
|
| 995 |
|
|
|a Bibliothèque
|c Bibliothèque
|f 024015934
|h 024015934
|k E C2 LES
|o p
|q j
|r az
|e Bibliothèque
|